10 NBA Teams With Highest Attendance 2024-2025 - Statistics

General Stats
  • This quiz has been taken 60 times
  • The average score is 8 of 10
Answer Stats
Avg. Attendance Team % Correct
19,156 Celtics
94%
19,800 Knicks
91%
19,786 Nuggets
85%
20,138 Bulls
83%
19,716 Heat
83%
18,835 Timberwolves
75%
19,071 Pistons
72%
20,079 Mavericks
64%
19,432 Cavaliers
58%
19,844 76ers
55%
No matching quizzes found
Score Distribution
Percent of People with Each Score
Percentile by Number Answered
Your Score History
You have not taken this quiz